| 000 | 00349nam a2200121Ia 4500 | ||
|---|---|---|---|
| 008 | 240731s9999 xx 000 0 und d | ||
| 022 | _a1579-3680 | ||
| 245 | 0 | _aInternational Journal of Social Psychology : Revista de PsicologÃa Social | |
| 260 | _bRoutledge | ||
| 856 | _uhttps://www.tandfonline.com/loi/rrps20 | ||
| 942 | _2ddc | ||
| 942 | _cTFEJ | ||
| 999 |
_c77241 _d77241 |
||
| 945 |
_a1 _bMadushi Gamage _c1 _dMadushi Gamage |
||